<?xml version="1.0" encoding="UTF-8"?>
<record
    xmlns:xsi="http://www.w3.org/2001/XMLSchema-instance"
    xsi:schemaLocation="http://www.loc.gov/MARC21/slim http://www.loc.gov/standards/marcxml/schema/MARC21slim.xsd"
    xmlns="http://www.loc.gov/MARC21/slim">

  <leader>00783nam a22001817a 4500</leader>
  <datafield tag="999" ind1=" " ind2=" ">
    <subfield code="c">61434</subfield>
    <subfield code="d">61434</subfield>
  </datafield>
  <controlfield tag="005">20240313121427.0</controlfield>
  <controlfield tag="008">240313s1982    ru ||||| |||| 00| 0 rus d</controlfield>
  <datafield tag="041" ind1=" " ind2=" ">
    <subfield code="a">rus</subfield>
  </datafield>
  <datafield tag="080" ind1=" " ind2=" ">
    <subfield code="a">94(395) &#x414;-58</subfield>
  </datafield>
  <datafield tag="100" ind1=" " ind2=" ">
    <subfield code="a">&#x414;&#x43E;&#x432;&#x430;&#x442;&#x443;&#x440;, &#x410;. &#x418;.</subfield>
    <subfield code="9">21410</subfield>
  </datafield>
  <datafield tag="245" ind1=" " ind2=" ">
    <subfield code="a">&#x41D;&#x430;&#x440;&#x43E;&#x434;&#x44B; &#x43D;&#x430;&#x448;&#x435;&#x439; &#x441;&#x442;&#x440;&#x430;&#x43D;&#x44B; &#x432; "&#x418;&#x441;&#x442;&#x43E;&#x440;&#x438;&#x438;" &#x413;&#x435;&#x440;&#x43E;&#x434;&#x43E;&#x442;&#x430; :</subfield>
    <subfield code="b">&#x422;&#x435;&#x43A;&#x441;&#x442;&#x44B;. &#x41F;&#x435;&#x440;&#x435;&#x432;&#x43E;&#x434;. &#x41A;&#x43E;&#x43C;&#x43C;&#x435;&#x43D;&#x442;&#x430;&#x440;&#x438;&#x439; /</subfield>
    <subfield code="c">&#x410;.&#x418;. &#x414;&#x43E;&#x432;&#x430;&#x442;&#x443;&#x440;, &#x414;.&#x41F;. &#x41A;&#x430;&#x43B;&#x43B;&#x438;&#x441;&#x442;&#x43E;&#x432;, &#x418;.&#x410;. &#x428;&#x438;&#x448;&#x43E;&#x432;&#x430;.</subfield>
  </datafield>
  <datafield tag="264" ind1=" " ind2=" ">
    <subfield code="a">&#x41C;&#x43E;&#x441;&#x43A;&#x432;&#x430; :</subfield>
    <subfield code="b"> &#x41D;&#x430;&#x443;&#x43A;&#x430;, </subfield>
    <subfield code="c">1982.</subfield>
  </datafield>
  <datafield tag="300" ind1=" " ind2=" ">
    <subfield code="a">454 &#x441;. ; </subfield>
    <subfield code="b">22 &#x441;&#x43C;.</subfield>
  </datafield>
  <datafield tag="653" ind1=" " ind2=" ">
    <subfield code="a">&#x10EB;&#x10D5;&#x10D4;&#x10DA;&#x10D8; &#x10E1;&#x10D0;&#x10DB;&#x10E7;&#x10D0;&#x10E0;&#x10DD;&#x10E1; &#x10D8;&#x10E1;&#x10E2;&#x10DD;&#x10E0;&#x10D8;&#x10D0;</subfield>
  </datafield>
  <datafield tag="700" ind1=" " ind2=" ">
    <subfield code="a">&#x41A;&#x430;&#x43B;&#x43B;&#x438;&#x441;&#x442;&#x43E;&#x432;, &#x414;. &#x41F;.</subfield>
    <subfield code="e">&#x10D0;&#x10D5;&#x10E2;&#x10DD;&#x10E0;&#x10D8;</subfield>
    <subfield code="9">21411</subfield>
  </datafield>
  <datafield tag="700" ind1=" " ind2=" ">
    <subfield code="a">&#x428;&#x438;&#x448;&#x43E;&#x432;&#x430;, &#x418;. &#x410;.</subfield>
    <subfield code="e">&#x10D0;&#x10D5;&#x10E2;&#x10DD;&#x10E0;&#x10D8;</subfield>
    <subfield code="9">21412</subfield>
  </datafield>
  <datafield tag="942" ind1=" " ind2=" ">
    <subfield code="2">udc</subfield>
    <subfield code="c">BK</subfield>
  </datafield>
  <datafield tag="952" ind1=" " ind2=" ">
    <subfield code="0">0</subfield>
    <subfield code="1">0</subfield>
    <subfield code="2">udc</subfield>
    <subfield code="4">0</subfield>
    <subfield code="6">94395_&#x414;58</subfield>
    <subfield code="7">0</subfield>
    <subfield code="9">98274</subfield>
    <subfield code="a">CPL</subfield>
    <subfield code="b">CPL</subfield>
    <subfield code="c">GEN</subfield>
    <subfield code="d">2024-03-13</subfield>
    <subfield code="g">8.00</subfield>
    <subfield code="o">94(395) &#x414;-58</subfield>
    <subfield code="p">65774</subfield>
    <subfield code="r">2024-03-13</subfield>
    <subfield code="t">65774</subfield>
    <subfield code="u">&#x10D1;&#x10E1;&#x10E3;-&#x10E1; &#x10E1;&#x10D0;&#x10DE;&#x10D0;&#x10E2;&#x10D8;&#x10DD; &#x10D3;&#x10DD;&#x10E5;&#x10E2;&#x10DD;&#x10E0;&#x10D8;&#x10E1; &#x10D2;&#x10E3;&#x10E0;&#x10D0;&#x10DB; &#x10DA;&#x10DD;&#x10E0;&#x10D7;&#x10E5;&#x10D8;&#x10E4;&#x10D0;&#x10DC;&#x10D8;&#x10EB;&#x10D8;&#x10E1; &#x10E1;&#x10D0;&#x10E9;&#x10E3;&#x10E5;&#x10D0;&#x10E0;&#x10D8;</subfield>
    <subfield code="w">2024-03-13</subfield>
    <subfield code="y">BK</subfield>
    <subfield code="z">8 &#x10DA;.</subfield>
  </datafield>
</record>
